<?xml version="1.0" encoding="UTF-8"?>
<record
    xmlns:xsi="http://www.w3.org/2001/XMLSchema-instance"
    xsi:schemaLocation="http://www.loc.gov/MARC21/slim http://www.loc.gov/standards/marcxml/schema/MARC21slim.xsd"
    xmlns="http://www.loc.gov/MARC21/slim">

  <leader>01151nam a2200229Ia 4500</leader>
  <controlfield tag="001">IA_The study is a strategic process, shows us from the market research, supply of raw materials, organizational strategy, analysis of size, location, process engineering, financial analysis, risk analysis and environmental impact which give us a broad overview of the characteristics on which the project will operate.</controlfield>
  <controlfield tag="002">ESTUDIO DE FACTIBILIDAD TECNICO-ECONOMICO PARA EL</controlfield>
  <controlfield tag="008">220117s    xx            000 0 und d</controlfield>
  <datafield tag="010" ind1=" " ind2=" ">
    <subfield code="a">185532</subfield>
  </datafield>
  <datafield tag="530" ind1=" " ind2=" ">
    <subfield code="a">Disponible en PDF</subfield>
  </datafield>
  <datafield tag="650" ind1=" " ind2=" ">
    <subfield code="a">Carne de cerdo</subfield>
    <subfield code="x">Comercio  </subfield>
    <subfield code="9">159598</subfield>
  </datafield>
  <datafield tag="650" ind1=" " ind2=" ">
    <subfield code="a">Cerdo</subfield>
    <subfield code="x">Productos c&#xE1;rnicos  </subfield>
    <subfield code="9">159599</subfield>
  </datafield>
  <datafield tag="650" ind1=" " ind2="0">
    <subfield code="a">Industria del ganado y de la carne</subfield>
    <subfield code="z">M&#xE9;xico</subfield>
    <subfield code="z">Puebla  </subfield>
    <subfield code="9">159600</subfield>
  </datafield>
  <datafield tag="650" ind1=" " ind2="0">
    <subfield code="a">Livestock and meat industry</subfield>
    <subfield code="z">Mexico</subfield>
    <subfield code="z">Puebla  </subfield>
    <subfield code="9">159601</subfield>
  </datafield>
  <datafield tag="650" ind1=" " ind2=" ">
    <subfield code="a">Pork</subfield>
    <subfield code="x">Trade</subfield>
    <subfield code="9">159602</subfield>
  </datafield>
  <datafield tag="650" ind1=" " ind2=" ">
    <subfield code="a">Swine</subfield>
    <subfield code="x">Meat products  </subfield>
    <subfield code="9">159603</subfield>
  </datafield>
  <datafield tag="700" ind1=" " ind2=" ">
    <subfield code="a">Espejel Zaragoza, Jos&#xE9; Afredo, asesor </subfield>
    <subfield code="9">163732</subfield>
  </datafield>
  <datafield tag="700" ind1="1" ind2=" ">
    <subfield code="a">Mart&#xED;nez Mosqueda, Francisco</subfield>
    <subfield code="9">148600</subfield>
  </datafield>
  <datafield tag="700" ind1=" " ind2=" ">
    <subfield code="a">Ponce Hern&#xE1;ndez, Pedro, asesor</subfield>
    <subfield code="9">163704</subfield>
  </datafield>
  <datafield tag="942" ind1=" " ind2=" ">
    <subfield code="c">TESIS M674 2014</subfield>
  </datafield>
  <datafield tag="999" ind1=" " ind2=" ">
    <subfield code="c">185532</subfield>
    <subfield code="d">185532</subfield>
  </datafield>
</record>
